|
|
|
|
| LEADER |
00000nab a2200000 a 4500 |
| 001 |
vtls008960231 |
| 003 |
SK-MaSNL |
| 005 |
20260303191318.0 |
| 008 |
060724 19770416xo d 000 0 slo |
| 015 |
|
|
|a SNBRB1977
|
| 040 |
|
|
|a SNKBUCL
|b slo
|c SNKBUCL
|e AACR2
|
| 041 |
0 |
|
|a slo
|
| 044 |
|
|
|a xo
|c SK
|
| 080 |
|
|
|a 94(47+57)
|2 2001
|
| 100 |
1 |
|
|a Fano, Štefan,
|d 1940-
|4 aut
|9 38886
|
| 245 |
1 |
0 |
|a Smer k socialistickej revolúcii
|b [vývin udalostí po návrate Lenina z desaťročnej emigrácie do Petrohradu]
|c Štefan Fano
|
| 600 |
1 |
7 |
|a Lenin, Vladimir Iľjič,
|d 1870-1924
|2 snkbucl
|9 101472
|
| 651 |
|
7 |
|a Sovietsky zväz
|2 snkbucl
|9 22126
|
| 773 |
0 |
|
|t Práca
|g (16.4.1977), s. 7
|
| 999 |
|
|
|c 2140686
|d 2142616
|